| 000 | 00794nam a2200265 i 4500 | ||
|---|---|---|---|
| 001 | 000030779 | ||
| 003 | DO-SdBNP | ||
| 005 | 20250226144201.0 | ||
| 007 | ta | ||
| 008 | 110530s1962 dr 000 f spa d | ||
| 040 |
_aDO-SdBNP _bspa _cBNPHU _erda |
||
| 049 | _aBNPD | ||
| 082 | 4 |
_axxxx _bS197e _222 |
|
| 100 | 1 |
_aSanabia Martínez, Rafael Emilio, _eautor _957337 _4aut. |
|
| 245 | 1 | 0 |
_aEngaño al amor / _cRafael Emilio Sanabia Mártinez. |
| 250 | _aprimera edición | ||
| 264 | 4 |
_aSanto Domingo : _bEditora Montalvo, _c1962. |
|
| 300 |
_a182 páginas ; _c21 cm. |
||
| 336 |
_atexto _btxt _2rdacontent |
||
| 337 |
_asin mediación _bn _2rdamedia |
||
| 338 |
_avolumen _bnc _2rdacarrier |
||
| 490 |
_aColección Cultura Americana _v17 |
||
| 590 | _aInventariado, 2025/BT | ||
| 942 |
_2ddc _cLBS1 |
||
| 999 |
_c30271 _d30271 |
||